| 000 | 00361nam a22001217a 4500 | ||
|---|---|---|---|
| 999 |
_c1564 _d1564 |
||
| 005 | 20200901150150.0 | ||
| 008 | 200901b ||||| |||| 00| 0 eng d | ||
| 020 | _a0415005418 | ||
| 040 | _cCML | ||
| 245 |
_aNew Directions in Mathematics Education. _cGreer, B. |
||
| 260 |
_aLondon _bRoutledge _c1989 |
||
| 942 |
_2ddc _cAUDIO _e1st Edition _h375 _mNEW |
||